000 00303nam a2200109Ia 4500
008 171211s9999 xx 000 0 und d
245 _aDeploying Rails
245 _cAnthony Burns and Tom Copeland
260 _c2012
650 _xIT eBOOKS
856 _uhttp://down.ebook777.com/020/Deploying%20Rails.pdf
999 _c349830
_d349830